Diseño de una tarjeta de control para un brazo hidráulico

Gorde:
Xehetasun bibliografikoak
Egile nagusia: Zúñiga Luna, Alejandro
Formatua: Liburua
Argitaratua: San José, C.R. 1997
Gaiak:
Etiketak: Etiketa erantsi
Etiketarik gabe, Izan zaitez lehena erregistro honi etiketa jartzen!

MARC

LEADER 00000nam a2200000Ia 4500
003 008285
005 20221231144230.0
008 140114s1997 cr a m 000 ||s d
040 |c cru CEDI 
090 |a TFG 3718 
100 |a Zúñiga Luna, Alejandro  |9 6234 
245 |a Diseño de una tarjeta de control para un brazo hidráulico 
260 |c 1997  |a  San José, C.R.  
300 |a  ix, 52 hojas  
500 |a Proyecto de graduación (bachillerato en ingeniería eléctrica)--Universidad de Costa.Rica. Facultad de Ingeniería. Escuela de Ingeniería Eléctrica 
650 |x DISPOSITIVOS PARA COMPUTADORAS   |x CONTROL AUTOMATICO  |9 9403 
942 |c TFG 
999 |c 18798  |d 18798